Design of arch roofs, (Record no. 548470)
[ view plain ]
| 000 -LEADER | |
|---|---|
| fixed length control field | 00576cam a22001691 4500 |
| 082 ## - DEWEY DECIMAL CLASSIFICATION NUMBER | |
| Classification number | 729.35 |
| Author Mark | TER |
| -- | D |
| 100 1# - MAIN ENTRY--PERSONAL NAME | |
| Personal name | Terrington, John Stanley. |
| 9 (RLIN) | 44780 |
| 245 10 - TITLE STATEMENT | |
| Title | Design of arch roofs, |
| Statement of responsibility, etc. | by J. S. Terrington. |
| 260 ## - PUBLICATION, DISTRIBUTION, ETC. | |
| Place of publication, distribution, etc. | London, |
| Name of publisher, distributor, etc. | Concrete publications limited |
| Date of publication, distribution, etc. | [1937] |
| 300 ## - PHYSICAL DESCRIPTION | |
| Extent | 30 p., 1 l. |
| Other physical details | incl. tables, diagrs. |
| Dimensions | 24 cm. |
| 490 0# - SERIES STATEMENT | |
| Series statement | Concrete series |
| 500 ## - GENERAL NOTE | |
| General note | "Reprinted from ʻConcrete and constructional engineering.̕" |
| 526 ## - STUDY PROGRAM INFORMATION NOTE | |
| Program name | 0 |
| Interest level | 0 |
| Reading level | 0 |
| Title point value | 729_350000000000000_TER |
| 650 #0 - SUBJECT ADDED ENTRY--TOPICAL TERM | |
| Topical term or geographic name entry element | Reinforced concrete. |
| 9 (RLIN) | 40928 |
| 650 #0 - SUBJECT ADDED ENTRY--TOPICAL TERM | |
| Topical term or geographic name entry element | Roofs. |
| 9 (RLIN) | 42299 |
| 942 ## - ADDED ENTRY ELEMENTS (KOHA) | |
| Source of classification or shelving scheme | |
| Koha item type | Book |
| Withdrawn status | Lost status | Source of classification or shelving scheme | Damaged status | Not for loan | Permanent Location | Current Location | Date acquired | Total Checkouts | Full call number | Barcode | Date last seen | Price effective from | Koha item type |
|---|---|---|---|---|---|---|---|---|---|---|---|---|---|
| Military College of Engineering (MCE) | Military College of Engineering (MCE) | 08/28/2014 | 729.35 TER | MCE-40767 | 08/28/2014 | 08/28/2014 | Book |
